000 01126nam0a22002651 4500
001 rc\642644
005 20250621194301.0
035 _a(NLR Aleph) 005883778
090 _a6105528
_c6105528
100 _a20031121d1986 |||y0rusy50 ca
101 0 _arus
102 _aRU
105 _aa |||||||||
200 1 _aМакропроцессоры и языковые конверторы в пакетах прикладных программ
_eУчеб. пособие по курсу "Орг. вычислит. процессов в ЭВМ"
_fРед. Д.Д. Горбатенко
_gМ-во высш. и сред. спец. образования СССР. Моск. энерг. ин-т
210 _aМ.
_cМЭИ
_d1986
215 _a104 с.
_cил.
_d20
300 _aНа обл. авт. не указаны
320 _aБиблиогр.: с. 101-102
700 1 _aПоляков
_bА.К.
_gАркадий Константинович
701 1 _aКарелов
_bС.В.
_gСергей Владимирович
801 0 _aRU
_bNLR
_gpsbo
801 1 _aRU
_bELAR
_2rusmarc
852 _aNLR
_j87-3/30
942 _cBOOK
980 _aNB